High performance networking : IFIP TC-6 eighth International Conference on High Performance Networking(HPN'98), Vienna, Austria, September 21-25, 1998
Αποθηκεύτηκε σε:
| Συγγραφή απο Οργανισμό/Αρχή: | |
|---|---|
| Άλλοι συγγραφείς: | |
| Μορφή: | Πρακτικό Συνεδρίου Βιβλίο |
| Γλώσσα: | English |
| Δημοσίευση: |
Boston, Mass :
Kluwer Academic,
c1998.
|
| Θέματα: | |
| Ετικέτες: |
Προσθήκη ετικέτας
Δεν υπάρχουν, Καταχωρήστε ετικέτα πρώτοι!
|
MARC
| LEADER | 00000cam a2200000 i 4500 | ||
|---|---|---|---|
| 001 | 1/60878 | ||
| 008 | 020409s1998 mau| ||| |||| ||eng|| | ||
| 020 | |a 0412846608 | ||
| 035 | |l 10000759 | ||
| 040 | |a GR-MyUa |b gre |e AACR2 | ||
| 041 | 0 | |a eng | |
| 082 | 7 | |a 004.6 |2 (22) | |
| 111 | 2 | |a IFIP TC-6 International Conference on High Performance Networking |n (8th : |d 1998 : |c Vienna) | |
| 245 | 1 | 0 | |a High performance networking : |b IFIP TC-6 eighth International Conference on High Performance Networking(HPN'98), Vienna, Austria, September 21-25, 1998 / |c edited by Harmen R. van As. |
| 260 | |a Boston, Mass : |b Kluwer Academic, |c c1998. | ||
| 300 | |a xii, 699 σ. : |b εικ. ; |c 24 εκ. | ||
| 504 | |a Περιλαμβάνει βιβλιογραφικές παραπομπές και ευρετήριο. | ||
| 650 | 0 | |a Computer networks |x Congresses. | |
| 700 | 1 | |a As, Harmen R. van, |e edt | |
| 852 | |a INST |b SAMOS |e 20020409 |h 004.6 IFI |p 005300020199 |q 005300020199 |t BK |y 0 | ||
| 901 | |a BIBL3-2002-1 | ||
| 922 | |a 3ΕΛΗ |b 200008 |c ΤΠΕΣ/ΠΟΛ-2 |d LEADER | ||
| 970 | |a ΜΑΛΑΓΑΡΗ |b ΦΩΤΕΙΝΗ |z 2002/04/09 | ||